000 00601nam a2200181 i 4500
020 _a0931790026 :
082 0 0 _a621.47
_bSHU
_cD
100 1 _aShurcliff, William A.
_939999
245 1 0 _aNew inventions in low cost solar heating :
_b100 daring schemes tried and untried /
_cWilliam A. Shurcliff.
260 _aHarrisville, N.H. :
_bBrick House Pub. Co.,
_cc1979.
300 _axiii, 293 p. :
_bill. ;
_c28 cm.
500 _aIncludes index.
526 _a0
_b0
_c0
_d621_470000000000000_SHU
650 0 _aInventions.
_941824
650 0 _aMCE
_9379
650 0 _aSolar heating.
_941825
942 _2ddc
_cBK
999 _c545851
_d545851